BAR AND BEVERAGE MANAGEMENT (Record no. 216190)

MARC details
000 -LEADER
fixed length control field 00503nam a22001577a 4500
008 - FIXED-LENGTH DATA ELEMENTS--GENERAL INFORMATION
fixed length control field 251117b |||||||| |||| 00| 0 eng d
020 ## - INTERNATIONAL STANDARD BOOK NUMBER
International Standard Book Number 979-8-88715-406-0
100 ## - MAIN ENTRY--PERSONAL NAME
Personal name ADAM, RALPH STEPHAN
245 ## - TITLE STATEMENT
Title BAR AND BEVERAGE MANAGEMENT
260 ## - PUBLICATION, DISTRIBUTION, ETC.
Place of publication, distribution, etc. DUBLIN
Name of publisher, distributor, etc. ORYSON PRESS
Date of publication, distribution, etc. 2024
300 ## - PHYSICAL DESCRIPTION
Extent XII, 332P.
500 ## - GENERAL NOTE
General note INCLUDES INDEX
650 ## - SUBJECT ADDED ENTRY
Topical term or geographic name entry element 1.BARS (DRINKING ESTABLISHMENTS) - MANAGEMENT 2. BEVERAGES - MANAGEMENT 3. HOSPITALITY INDUSTRY - MANAGEMENT
942 ## - ADDED ENTRY ELEMENTS (KOHA)
Source of classification or shelving scheme Library of Congress Classification
Koha item type Long Loan Book
Holdings
Withdrawn status Lost status Source of classification or shelving scheme Damaged status Not for loan Collection Home library Current library Shelving location Date acquired Inventory number Total checkouts Full call number Barcode Date last seen Copy number Price effective from Koha item type
    Library of Congress Classification     Science & Technology Kisii University Library Kisii University Library On Display 11/17/2025 109811   TX 950 .A33 2024 000000024704 11/17/2025 C.1 11/17/2025 Long Loan Book
    Library of Congress Classification     Science & Technology Kisii University Library Kisii University Library On Display 11/17/2025 109812   TX 950 .A33 2024 000000024703 11/17/2025 C.2 11/17/2025 Long Loan Book
    Library of Congress Classification     Science & Technology Kisii University Library Kisii University Library On Display 11/17/2025 109813   TX 950 .A33 2024 000000024702 11/17/2025 C.3 11/17/2025 Long Loan Book
    Library of Congress Classification     Science & Technology Kisii University Library Kisii University Library On Display 11/17/2025 109814   TX 950 .A33 2024 000000024732 11/17/2025 C.4 11/17/2025 Long Loan Book